EA FC Attributes - Statistics

General Stats
  • This quiz has been taken 21 times
  • The average score is 25 of 39
Answer Stats
Answer % Correct
Acceleration
94%
Passing
94%
Defending
88%
Dribbling
88%
Heading Accuracy
88%
Pace
88%
Long Passing
82%
Physical
82%
Shooting
82%
Short Passing
82%
Stamina
82%
Jumping
76%
Shot Power
76%
Sliding Tackle
76%
Sprint Speed
76%
Balance
71%
FK Accuracy
71%
GK Diving
71%
Standing Tackle
71%
GK Handling
65%
GK Reflexes
65%
Att. Positioning
59%
Crossing
59%
Finishing
59%
GK Positioning
59%
Long Shots
59%
Penalties
59%
Strength
59%
Agility
53%
Ball Control
53%
GK Kicking
47%
Vision
47%
Aggression
41%
Curve
41%
Reactions
41%
Composure
35%
Volleys
35%
Defensive Awareness
29%
Interceptions
29%
No matching quizzes found
Score Distribution
Percent of People with Each Score
Percentile by Number Answered
Your Score History
You have not taken this quiz